[Event "Cerrado Blitz Benimodo 2018"]
[Site "Benimodo, Spain"]
[Date "2018.08.13"]
[Round "3.1"]
[White "Pena Riasco, Alexander"]
[Black "Galvan, Jesus"]
[Result "0-1"]
[WhiteElo "2119"]
[BlackElo "2225"]
[PlyCount "112"]
[EventDate "2018.??.??"]

1. d4 {[%clk 00:07:06]  [%emt 00:00:09]} 1... d6 {
[%clk 00:07:03]  [%emt 00:00:12]} 2. Bf4 {[%clk 00:07:08]} 2... g6 {
[%clk 00:07:05]} 3. e3 {[%clk 00:07:10]  [%emt 00:00:03]} 3... Bg7 {
[%clk 00:07:06]} 4. Nf3 {[%clk 00:07:12]} 4... Nd7 {[%clk 00:07:08]} 5. Be2 {
[%clk 00:07:13]} 5... e5 {[%clk 00:07:10]  [%emt 00:00:04]} 6. Bg3 {
[%clk 00:06:53]  [%emt 00:00:17]} 6... Ne7 {[%clk 00:07:10]  [%emt 00:00:17]}
7. h3 {[%clk 00:06:38]  [%emt 00:00:08]} 7... O-O {
[%clk 00:07:10]  [%emt 00:00:16]} 8. O-O {[%clk 00:06:37]  [%emt 00:00:03]}
8... Nf5 {[%clk 00:07:11]} 9. Bh2 {[%clk 00:06:39]} 9... exd4 {[%clk 00:07:13]}
10. exd4 {[%clk 00:06:42]} 10... Nh4 {[%clk 00:06:56]  [%emt 00:00:08]} 11.
Nbd2 {[%clk 00:06:09]} 11... Nxf3+ {[%clk 00:06:48]  [%emt 00:01:11]} 12. Nxf3
{[%clk 00:06:10]} 12... b6 {[%clk 00:06:49]} 13. c4 {[%clk 00:05:58]} 13... Bb7
{[%clk 00:06:51]  [%emt 00:00:05]} 14. Rc1 {[%clk 00:05:59]} 14... Nf6 {
[%clk 00:06:53]} 15. c5 {[%clk 00:05:49]} 15... a6 {
[%clk 00:06:30]  [%emt 00:00:33]} 16. cxd6 {[%clk 00:05:21]} 16... cxd6 {
[%clk 00:06:31]  [%emt 00:00:41]} 17. Qd2 {[%clk 00:05:18]} 17... Bd5 {
[%clk 00:06:27]  [%emt 00:00:10]} 18. Qb4 {[%clk 00:05:09]} 18... Re8 {
[%clk 00:06:22]  [%emt 00:00:14]} 19. Rfe1 {[%clk 00:05:04]} 19... Bf8 {
[%clk 00:05:52]  [%emt 00:00:44]} 20. b3 {[%clk 00:04:47]} 20... b5 {
[%clk 00:05:37]  [%emt 00:00:36]} 21. Bf4 {[%clk 00:03:12]} 21... h6 {
[%clk 00:05:38]  [%emt 00:01:44]} 22. Nd2 {[%clk 00:02:54]} 22... Rb8 {
[%clk 00:05:40]  [%emt 00:00:22]} 23. Bf3 {[%clk 00:02:55]} 23... Qd7 {
[%clk 00:04:37]  [%emt 00:01:03]} 24. Qa5 {[%clk 00:02:14]} 24... Bxf3 {
[%clk 00:04:31]  [%emt 00:00:53]} 25. Nxf3 {[%clk 00:02:16]} 25... Nd5 {
[%clk 00:04:33]  [%emt 00:00:13]} 26. Bg3 {[%clk 00:02:09]} 26... Qb7 {
[%clk 00:04:25]  [%emt 00:00:13]} 27. Qd2 {[%clk 00:01:50]} 27... b4 {
[%clk 00:04:10]  [%emt 00:00:40]} 28. Kh1 {[%clk 00:00:54]} 28... Nc3 {
[%clk 00:04:11]  [%emt 00:01:04]} 29. Re3 {[%clk 00:00:54]} 29... Ne4 {
[%clk 00:04:07]  [%emt 00:00:08]} 30. Qe2 {[%clk 00:00:45]} 30... Nxg3+ {
[%clk 00:04:09]  [%emt 00:00:18]} 31. fxg3 {[%clk 00:00:47]} 31... Rxe3 {
[%clk 00:03:55]  [%emt 00:00:09]} 32. Qxe3 {[%clk 00:00:49]} 32... Rc8 {
[%clk 00:03:58]  [%emt 00:00:10]} 33. Rc4 {[%clk 00:00:33]} 33... a5 {
[%clk 00:03:40]  [%emt 00:00:32]} 34. d5 {[%clk 00:00:30]  [%emt 00:00:29]}
34... Rxc4 {[%clk 00:03:01]  [%emt 00:00:18]} 35. bxc4 {[%emt 00:00:32]} 35...
a4 36. Nd4 {[%clk 00:00:33]} 36... Bg7 {[%clk 00:03:00]  [%emt 00:00:03]} 37.
Nc6 {[%clk 00:00:34]} 37... b3 {[%clk 00:02:58]} 38. axb3 {
[%clk 00:00:10]  [%emt 00:00:09]} 38... a3 {[%clk 00:03:01]} 39. Qe8+ {
[%clk 00:00:11]  [%emt 00:00:34]} 39... Kh7 {[%clk 00:03:03]} 40. Ne7 {
[%clk 00:00:12]} 40... Qxe7 {[%emt 00:01:07]} 41. Qxe7 a2 {[%clk 00:01:33]} 42.
Qxd6 {[%clk 00:00:15]} 42... a1=Q+ {[%clk 00:01:36]  [%emt 00:00:07]} 43. Kh2 {
[%clk 00:00:16]} 43... Qc3 {[%clk 00:01:33]  [%emt 00:00:06]} 44. Qf4 {
[%clk 00:00:11]} 44... Qxb3 {[%clk 00:00:50]  [%emt 00:00:51]} 45. d6 {
[%emt 00:00:14]} 45... Qd3 {[%clk 00:00:14]  [%emt 00:00:27]} 46. c5 {
[%clk 00:00:09]  [%emt 00:00:32]} 46... Qd5 {[%clk 00:00:09]  [%emt 00:00:03]}
47. d7 {[%clk 00:00:05]} 47... Qxd7 {[%clk 00:00:11]} 48. Qc4 {[%clk 00:00:05]}
48... Qc7 {[%clk 00:00:11]} 49. Qd5 {[%clk 00:00:07]  [%emt 00:00:04]} 49...
Be5 {[%clk 00:00:13]} 50. c6 {[%clk 00:00:07]} 50... Bxg3+ 51. Kh1 {
[%emt 00:00:04]} 51... Kg7 {[%clk 00:00:12]} 52. Kg1 {[%clk 00:00:11]} 52...
Be5 {[%clk 00:00:12]  [%emt 00:00:08]} 53. Kf2 {[%clk 00:00:12]} 53... Qd6 {
[%clk 00:00:14]  [%emt 00:00:03]} 54. Qc4 {[%clk 00:00:13]} 54... Qd4+ {
[%clk 00:00:15]  [%emt 00:00:03]} 55. Qxd4 {[%clk 00:00:15]} 55... Bxd4+ {
[%clk 00:00:17]} 56. Kf3 {[%clk 00:00:16]  [%emt 00:00:07]} 56... Bb6 {
[%clk 00:00:19]} 0-1

[Event "Cerrado Blitz Benimodo 2018"]
[Site "Benimodo, Spain"]
[Date "2018.08.13"]
[Round "3.3"]
[White "Granero Roca, Antonio"]
[Black "Valentin Pascual, Cesar"]
[Result "1-0"]
[WhiteElo "2366"]
[BlackElo "2098"]
[PlyCount "73"]
[EventDate "2018.??.??"]

1. Nf3 {[%clk 00:07:03]  [%emt 00:00:06]} 1... Nf6 {
[%clk 00:07:03]  [%emt 00:00:05]} 2. c4 {[%clk 00:07:05]} 2... Nc6 {
[%clk 00:06:42]  [%emt 00:00:21]} 3. g3 {[%clk 00:07:04]  [%emt 00:00:06]} 3...
d6 {[%clk 00:06:38]  [%emt 00:00:06]} 4. Bg2 {[%clk 00:07:05]} 4... e5 {
[%clk 00:06:39]  [%emt 00:00:05]} 5. d3 {[%clk 00:07:06]  [%emt 00:00:10]} 5...
Bg4 {[%clk 00:06:30]  [%emt 00:00:05]} 6. O-O {[%clk 00:07:05]  [%emt 00:00:05]
} 6... Qd7 {[%clk 00:06:30]} 7. Nc3 {[%clk 00:07:07]} 7... Be7 {
[%clk 00:06:20]  [%emt 00:00:14]} 8. Rb1 {[%clk 00:07:02]  [%emt 00:00:07]}
8... Bh3 {[%clk 00:05:59]  [%emt 00:00:25]} 9. b4 {
[%clk 00:07:03]  [%emt 00:00:05]} 9... h5 {[%clk 00:05:42]  [%emt 00:00:16]}
10. Bg5 {[%clk 00:07:00]  [%emt 00:00:06]} 10... Nh7 {[%emt 00:00:16]} 11. b5 {
[%clk 00:06:55]  [%emt 00:00:08]} 11... Bxg2 {[%clk 00:05:14]  [%emt 00:00:19]}
12. bxc6 {[%clk 00:06:33]  [%emt 00:00:25]} 12... bxc6 {
[%clk 00:04:57]  [%emt 00:00:19]} 13. Kxg2 {[%clk 00:06:27]  [%emt 00:00:08]}
13... Nxg5 {[%clk 00:04:56]  [%emt 00:00:06]} 14. Nxg5 {
[%clk 00:06:00]  [%emt 00:00:34]} 14... Bxg5 {[%clk 00:04:56]} 15. h3 {
[%clk 00:06:02]  [%emt 00:00:09]} 15... f5 {[%clk 00:04:52]} 16. e3 {
[%clk 00:05:48]  [%emt 00:00:14]} 16... Bf6 {[%clk 00:04:43]  [%emt 00:00:12]}
17. Rb3 {[%clk 00:05:32]  [%emt 00:00:19]} 17... g5 {
[%clk 00:04:32]  [%emt 00:00:15]} 18. e4 {[%clk 00:05:32]  [%emt 00:00:06]}
18... g4 {[%clk 00:04:21]  [%emt 00:00:10]} 19. Rh1 {
[%clk 00:05:26]  [%emt 00:00:08]} 19... Qg7 {[%clk 00:03:48]  [%emt 00:00:36]}
20. exf5 {[%clk 00:05:21]  [%emt 00:00:09]} 20... Qg5 {
[%clk 00:03:17]  [%emt 00:00:35]} 21. Ne4 {[%clk 00:04:46]  [%emt 00:00:38]}
21... gxh3+ {[%clk 00:02:36]  [%emt 00:00:44]} 22. Rxh3 {[%clk 00:04:47]} 22...
Qxf5 {[%clk 00:02:37]  [%emt 00:00:06]} 23. Rxh5 {
[%clk 00:04:29]  [%emt 00:00:17]} 23... Qg6 {[%clk 00:02:07]  [%emt 00:00:39]}
24. Rxh8+ {[%clk 00:03:53]  [%emt 00:00:37]} 24... Bxh8 {[%clk 00:02:09]} 25.
Qf3 {[%clk 00:03:52]  [%emt 00:00:05]} 25... Kd7 {
[%clk 00:01:41]  [%emt 00:00:28]} 26. Rb1 {[%clk 00:03:33]  [%emt 00:00:25]}
26... Bg7 {[%clk 00:01:36]  [%emt 00:00:07]} 27. Rh1 {
[%clk 00:03:25]  [%emt 00:00:09]} 27... Rf8 {[%clk 00:01:09]  [%emt 00:00:33]}
28. Qe3 {[%clk 00:03:17]  [%emt 00:00:07]} 28... Qf5 {
[%clk 00:00:51]  [%emt 00:00:21]} 29. Rh4 {[%clk 00:02:49]  [%emt 00:00:36]}
29... d5 {[%clk 00:00:26]  [%emt 00:00:23]} 30. cxd5 {
[%clk 00:02:32]  [%emt 00:00:20]} 30... cxd5 {[%clk 00:00:26]  [%emt 00:00:06]}
31. Nc5+ {[%clk 00:02:30]  [%emt 00:00:05]} 31... Kc8 {
[%clk 00:00:24]  [%emt 00:00:04]} 32. Qe2 {[%clk 00:01:55]  [%emt 00:00:36]}
32... Bf6 {[%clk 00:00:09]  [%emt 00:00:18]} 33. Rh5 {
[%clk 00:01:45]  [%emt 00:00:13]} 33... Qg6 {[%clk 00:00:08]  [%emt 00:00:06]}
34. d4 {[%emt 00:01:34]} 34... Be7 35. Rg5 {[%emt 00:00:39]} 35... Bf6 {
[%emt 00:00:07]} 36. Rh5 {[%emt 00:00:09]} 36... Be7 37. Rxe5 1-0

[Event "Cerrado Blitz Benimodo 2018"]
[Site "Benimodo, Spain"]
[Date "2018.08.13"]
[Round "3.4"]
[White "Garcia, Jhoel"]
[Black "Galvan Cipriani, Viviana"]
[Result "1-0"]
[WhiteElo "2262"]
[BlackElo "1948"]
[PlyCount "63"]
[EventDate "2018.??.??"]

1. e4 {[%clk 00:07:04]  [%emt 00:00:12]} 1... c5 {[%clk 00:07:05]} 2. Nf3 {
[%clk 00:07:04]} 2... Nc6 {[%clk 00:07:06]} 3. d4 {[%clk 00:07:05]} 3... cxd4 {
[%clk 00:07:07]  [%emt 00:00:09]} 4. Nxd4 {[%clk 00:07:07]} 4... Nf6 {
[%clk 00:07:08]  [%emt 00:00:03]} 5. Nc3 {[%clk 00:07:09]} 5... e5 {
[%clk 00:07:09]} 6. Ndb5 {[%clk 00:07:06]  [%emt 00:00:04]} 6... d6 {
[%clk 00:07:10]  [%emt 00:00:04]} 7. Bg5 {[%clk 00:06:55]  [%emt 00:00:12]}
7... a6 {[%clk 00:07:11]  [%emt 00:00:03]} 8. Na3 {[%clk 00:06:57]} 8... b5 {
[%clk 00:07:12]  [%emt 00:00:03]} 9. Nab1 {[%clk 00:06:58]} 9... Be6 {
[%clk 00:06:46]  [%emt 00:00:27]} 10. a4 {[%clk 00:06:59]  [%emt 00:00:34]}
10... b4 {[%clk 00:06:43]} 11. Nd5 {[%clk 00:07:01]} 11... Bxd5 {
[%clk 00:06:42]  [%emt 00:00:03]} 12. Bxf6 {[%clk 00:06:36]  [%emt 00:00:08]}
12... gxf6 {[%clk 00:06:23]  [%emt 00:00:18]} 13. Qxd5 {
[%clk 00:06:38]  [%emt 00:00:30]} 13... Qc7 {[%clk 00:06:23]} 14. Nd2 {
[%clk 00:06:28]  [%emt 00:00:05]} 14... Bg7 {[%clk 00:06:19]} 15. Nc4 {
[%clk 00:05:49]  [%emt 00:00:32]} 15... Rd8 {[%clk 00:06:19]  [%emt 00:00:23]}
16. Ne3 {[%clk 00:05:42]} 16... Nd4 {[%clk 00:04:04]  [%emt 00:02:10]} 17. Bxa6
{[%clk 00:05:40]  [%emt 00:00:06]} 17... Nxc2+ {
[%clk 00:03:34]  [%emt 00:00:28]} 18. Nxc2 {[%clk 00:05:41]  [%emt 00:00:15]}
18... Qxc2 {[%clk 00:03:35]} 19. Bb5+ {[%clk 00:05:42]} 19... Ke7 {
[%clk 00:03:01]  [%emt 00:00:28]} 20. Qb7+ {[%clk 00:05:39]  [%emt 00:00:34]}
20... Kf8 {[%clk 00:03:02]} 21. O-O {[%clk 00:05:39]  [%emt 00:00:03]} 21...
Bh6 {[%clk 00:02:21]  [%emt 00:00:21]} 22. a5 {[%clk 00:05:09]  [%emt 00:00:30]
} 22... Kg7 {[%clk 00:01:54]  [%emt 00:00:30]} 23. a6 {
[%clk 00:05:11]  [%emt 00:00:10]} 23... Rb8 {[%clk 00:01:38]  [%emt 00:00:10]}
24. Qd5 {[%clk 00:05:07]  [%emt 00:00:13]} 24... Rhc8 {
[%clk 00:00:14]  [%emt 00:01:23]} 25. a7 {[%clk 00:04:55]  [%emt 00:00:13]}
25... Ra8 {[%clk 00:00:11]  [%emt 00:00:25]} 26. Bd7 {
[%clk 00:04:47]  [%emt 00:00:05]} 26... Rd8 {[%clk 00:00:08]} 27. Bc6 {
[%clk 00:04:49]} 27... Rxa7 {[%clk 00:00:06]  [%emt 00:00:06]} 28. Rxa7 {
[%clk 00:04:46]  [%emt 00:00:04]} 28... Rf8 {[%clk 00:00:07]} 29. Be8 {
[%clk 00:04:39]  [%emt 00:00:09]} 29... Kh8 {[%clk 00:00:05]  [%emt 00:00:05]}
30. Bxf7 {[%clk 00:04:05]  [%emt 00:00:38]} 30... Qxb2 {
[%clk 00:00:05]  [%emt 00:00:03]} 31. Bg6 {[%clk 00:03:49]  [%emt 00:00:16]}
31... hxg6 {[%clk 00:00:05]  [%emt 00:00:38]} 32. Qb7 {[%clk 00:03:51]} 1-0

[Event "Cerrado Blitz Benimodo 2018"]
[Site "Benimodo, Spain"]
[Date "2018.08.13"]
[Round "4.2"]
[White "Valentin Pascual, Cesar"]
[Black "Garcia, Jhoel"]
[Result "0-1"]
[WhiteElo "2098"]
[BlackElo "2262"]
[PlyCount "74"]

1. e4 {[%clk 00:07:03] [%emt 00:00:33]} 1... c5 {[%clk 00:07:04]} 2. Nf3 {
[%clk 00:07:04]} 2... Nc6 {[%clk 00:07:00] [%emt 00:00:09]} 3. Bb5 {
[%clk 00:07:05]} 3... g6 {[%clk 00:07:02]} 4. Bxc6 {[%clk 00:07:06]} 4... bxc6
{[%clk 00:06:53]} 5. d3 {[%clk 00:07:07]} 5... Bg7 {
[%clk 00:06:54] [%emt 00:00:04]} 6. Nc3 {[%clk 00:07:05]} 6... d6 {
[%clk 00:06:55]} 7. h3 {[%clk 00:07:05] [%emt 00:00:16]} 7... Nf6 {
[%clk 00:06:46] [%emt 00:00:03]} 8. Be3 {[%clk 00:06:59] [%emt 00:00:04]} 8...
O-O {[%clk 00:06:35] [%emt 00:00:11]} 9. Qd2 {[%clk 00:06:42] [%emt 00:00:21]}
9... Rb8 {[%clk 00:06:02] [%emt 00:00:37]} 10. Rb1 {
[%clk 00:06:15] [%emt 00:00:30]} 10... e5 {[%clk 00:05:48] [%emt 00:00:34]} 11.
Bh6 {[%clk 00:05:56] [%emt 00:00:05]} 11... Nh5 {
[%clk 00:05:44] [%emt 00:00:12]} 12. g4 {[%clk 00:05:13] [%emt 00:00:39]} 12...
Nf4 {[%clk 00:05:43] [%emt 00:00:13]} 13. Bxg7 {[%clk 00:05:02] [%emt 00:00:08]
} 13... Kxg7 {[%clk 00:05:45] [%emt 00:00:03]} 14. Ne2 {
[%clk 00:04:59] [%emt 00:00:04]} 14... Nxe2 {[%clk 00:04:12] [%emt 00:01:33]}
15. Kxe2 {[%clk 00:04:50] [%emt 00:00:14]} 15... Kh8 {
[%clk 00:04:02] [%emt 00:00:11]} 16. Qh6 {[%clk 00:04:38] [%emt 00:00:17]}
16... f6 {[%clk 00:03:43] [%emt 00:00:25]} 17. Nh4 {
[%clk 00:04:30] [%emt 00:00:12]} 17... Rg8 {[%clk 00:03:44] [%emt 00:00:04]}
18. Nf3 {[%clk 00:03:33] [%emt 00:00:57]} 18... d5 {
[%clk 00:02:51] [%emt 00:00:55]} 19. b3 {[%clk 00:02:56] [%emt 00:00:37]} 19...
Be6 {[%clk 00:02:28] [%emt 00:00:26]} 20. Rbg1 {[%clk 00:02:10] [%emt 00:00:48]
} 20... c4 {[%clk 00:02:16] [%emt 00:00:15]} 21. bxc4 {
[%clk 00:02:07] [%emt 00:00:38]} 21... dxe4 {[%clk 00:02:18]} 22. Nd2 {
[%clk 00:01:45] [%emt 00:00:03]} 22... exd3+ {[%clk 00:02:01] [%emt 00:00:14]}
23. cxd3 {[%clk 00:01:48]} 23... Rb2 {[%clk 00:01:57] [%emt 00:00:07]} 24. h4 {
[%clk 00:01:32] [%emt 00:00:18]} 24... e4 {[%clk 00:01:20] [%emt 00:00:40]} 25.
Rh3 {[%clk 00:00:49] [%emt 00:00:45]} 25... Qd7 {
[%clk 00:00:50] [%emt 00:00:34]} 26. Qf4 {[%clk 00:00:31] [%emt 00:00:23]}
26... exd3+ {[%clk 00:00:32] [%emt 00:00:17]} 27. Rxd3 {
[%clk 00:00:32] [%emt 00:00:07]} 27... Qg7 {[%clk 00:00:34]} 28. Kf1 {
[%clk 00:00:12] [%emt 00:00:21]} 28... g5 {[%clk 00:00:34] [%emt 00:00:04]} 29.
Qd4 {[%clk 00:00:11] [%emt 00:00:07]} 29... Rbb8 {
[%clk 00:00:27] [%emt 00:00:04]} 30. Ne4 {[%clk 00:00:12] [%emt 00:00:14]}
30... Rgf8 {[%clk 00:00:26]} 31. hxg5 {[%clk 00:00:13] [%emt 00:00:04]} 31...
fxg5 {[%clk 00:00:27]} 32. Qxg7+ {[%clk 00:00:10] [%emt 00:00:04]} 32... Kxg7 {
[%clk 00:00:29]} 33. Nxg5 {[%clk 00:00:13]} 33... Bxc4 {
[%clk 00:00:30] [%emt 00:00:04]} 34. Rgg3 {[%clk 00:00:11] [%emt 00:00:04]}
34... Rbd8 {[%clk 00:00:30] [%emt 00:00:03]} 35. Ke2 {[%clk 00:00:14]} 35...
Rxd3 {[%clk 00:00:32]} 36. Rxd3 {[%emt 00:00:07]} 36... Bxd3+ {[%clk 00:00:33]}
37. Kxd3 {[%clk 00:00:18]} 37... Rxf2 {[%clk 00:00:34] [%emt 00:00:04]} 0-1

18]} 37...
Rxf2 {[%clk 00:00:34]  [%emt 00:00:04]} 0-1

[Event "Cerrado Blitz Benimodo 2018"]
[Site "Benimodo, Spain"]
[Date "2018.08.13"]
[Round "4.4"]
[White "Pena Riasco, Alexander"]
[Black "Garcia Sancho, Josep"]
[Result "0-1"]
[WhiteElo "2119"]
[BlackElo "2027"]
[PlyCount "70"]

1. d4 {[%clk 00:07:06]} 1... Nf6 {[%clk 00:07:05] [%emt 00:00:10]} 2. Bf4 {
[%clk 00:07:08]} 2... b6 {[%clk 00:07:04]} 3. e3 {[%clk 00:07:10]} 3... Bb7 {
[%clk 00:07:06]} 4. Nf3 {[%clk 00:07:11]} 4... g6 {[%clk 00:07:07]} 5. Bd3 {
[%clk 00:07:07] [%emt 00:00:04]} 5... Bg7 {[%clk 00:07:08]} 6. Nbd2 {
[%clk 00:07:04] [%emt 00:00:04]} 6... O-O {[%clk 00:07:09]} 7. h3 {
[%clk 00:07:06]} 7... d6 {[%clk 00:07:11] [%emt 00:00:04]} 8. O-O {
[%clk 00:07:04] [%emt 00:00:04]} 8... Nbd7 {[%clk 00:07:12]} 9. Bh2 {
[%clk 00:06:57] [%emt 00:00:13]} 9... Re8 {[%clk 00:07:13] [%emt 00:00:03]} 10.
a4 {[%clk 00:06:48] [%emt 00:00:04]} 10... a6 {[%clk 00:07:12] [%emt 00:00:36]}
11. c4 {[%clk 00:06:19] [%emt 00:00:04]} 11... e5 {
[%clk 00:06:51] [%emt 00:00:21]} 12. Be2 {[%clk 00:06:18] [%emt 00:00:39]}
12... Qe7 {[%clk 00:06:33] [%emt 00:00:04]} 13. Re1 {[%clk 00:06:11]} 13... e4
{[%clk 00:06:28] [%emt 00:00:04]} 14. Nh4 {[%clk 00:05:56] [%emt 00:00:38]}
14... h6 {[%clk 00:05:51] [%emt 00:00:16]} 15. a5 {
[%clk 00:05:21] [%emt 00:00:39]} 15... Nh7 {[%clk 00:05:50] [%emt 00:00:32]}
16. Bg3 {[%clk 00:05:23]} 16... Bf6 {[%clk 00:05:36] [%emt 00:00:04]} 17. Nxg6
{[%clk 00:05:01] [%emt 00:00:10]} 17... fxg6 {[%clk 00:05:38] [%emt 00:00:10]}
18. axb6 {[%clk 00:05:02]} 18... cxb6 {[%clk 00:05:31] [%emt 00:00:07]} 19. Qb3
{[%clk 00:04:39] [%emt 00:00:22]} 19... Kg7 {[%clk 00:05:27] [%emt 00:00:08]}
20. Qb4 {[%clk 00:04:22] [%emt 00:00:20]} 20... Qf7 {
[%clk 00:04:35] [%emt 00:00:57]} 21. Qxd6 {[%clk 00:04:03] [%emt 00:00:22]}
21... Rac8 {[%clk 00:04:18] [%emt 00:00:18]} 22. Qb4 {
[%clk 00:03:55] [%emt 00:00:13]} 22... Ng5 {[%clk 00:03:51] [%emt 00:00:26]}
23. c5 {[%emt 00:00:57]} 23... Qf8 {[%clk 00:03:32] [%emt 00:00:14]} 24. Nc4 {
[%emt 00:00:12]} 24... Be7 {[%clk 00:03:00] [%emt 00:00:32]} 25. Bd6 {
[%clk 00:03:06] [%emt 00:00:29]} 25... b5 {[%clk 00:02:45] [%emt 00:00:07]} 26.
Bxe7 {[%clk 00:03:07]} 26... Rxe7 {[%clk 00:02:37] [%emt 00:00:05]} 27. Nd6 {
[%clk 00:03:09]} 27... Rb8 {[%clk 00:02:34] [%emt 00:00:04]} 28. Nxb7 {
[%clk 00:02:58] [%emt 00:00:08]} 28... Rxb7 {[%clk 00:02:35] [%emt 00:00:07]}
29. c6 {[%clk 00:02:58] [%emt 00:00:04]} 29... Rc7 {
[%clk 00:02:05] [%emt 00:00:27]} 30. cxd7 {[%clk 00:02:59] [%emt 00:00:35]}
30... Rcxd7 {[%clk 00:02:07]} 31. Rxa6 {[%clk 00:02:58]} 31... Rd5 {
[%clk 00:01:57] [%emt 00:00:03]} 32. Rea1 {[%clk 00:02:16] [%emt 00:00:28]}
32... Qf7 {[%clk 00:01:28] [%emt 00:00:32]} 33. Qb3 {
[%clk 00:01:59] [%emt 00:00:22]} 33... Nxh3+ {[%clk 00:01:04] [%emt 00:00:28]}
34. gxh3 {[%clk 00:01:52] [%emt 00:00:24]} 34... Rg5+ {[%clk 00:01:05]} 35. Kf1
{[%clk 00:01:49]} 35... Qxb3 {[%clk 00:01:07]} 0-1

%clk 00:01:49]} 35... Qxb3 {[%clk 00:01:07]} 0-1

[Event "Cerrado Blitz Benimodo 2018"]
[Site "Benimodo, Spain"]
[Date "2018.08.13"]
[Round "5.1"]
[White "Garcia Sancho, Josep"]
[Black "Galvan, Jesus"]
[Result "0-1"]
[WhiteElo "2027"]
[BlackElo "2225"]
[PlyCount "50"]
[EventDate "2018.??.??"]

1. d4 {[%clk 00:07:03]  [%emt 00:00:11]} 1... d6 {[%clk 00:07:04]} 2. e4 {
[%clk 00:07:00]} 2... Nf6 {[%clk 00:07:05]  [%emt 00:00:05]} 3. Nc3 {
[%clk 00:07:02]} 3... Nbd7 {[%clk 00:07:07]  [%emt 00:00:04]} 4. Nf3 {
[%clk 00:07:04]} 4... e5 {[%clk 00:07:09]  [%emt 00:00:03]} 5. Bc4 {
[%clk 00:07:04]} 5... Be7 {[%clk 00:07:10]  [%emt 00:00:03]} 6. O-O {
[%clk 00:07:05]  [%emt 00:00:03]} 6... O-O {[%clk 00:07:11]} 7. a4 {
[%clk 00:07:07]  [%emt 00:00:03]} 7... a6 {[%clk 00:07:05]  [%emt 00:00:10]} 8.
h3 {[%clk 00:07:06]  [%emt 00:00:03]} 8... b6 {[%clk 00:07:07]} 9. Be3 {
[%clk 00:07:06]  [%emt 00:00:03]} 9... Bb7 {[%clk 00:07:09]} 10. d5 {
[%clk 00:07:05]  [%emt 00:00:04]} 10... Ne8 {[%clk 00:07:10]  [%emt 00:00:03]}
11. b4 {[%clk 00:06:54]  [%emt 00:00:13]} 11... g6 {
[%clk 00:07:12]  [%emt 00:00:04]} 12. a5 {[%clk 00:06:50]  [%emt 00:00:05]}
12... b5 {[%clk 00:07:14]  [%emt 00:00:04]} 13. Be2 {
[%clk 00:06:38]  [%emt 00:00:11]} 13... Ng7 {[%clk 00:07:15]  [%emt 00:00:04]}
14. Bh6 {[%clk 00:06:31]  [%emt 00:00:07]} 14... Kh8 {
[%clk 00:07:13]  [%emt 00:00:07]} 15. Qd2 {[%clk 00:06:22]  [%emt 00:00:08]}
15... Nf6 {[%clk 00:07:15]  [%emt 00:00:18]} 16. Rac1 {
[%clk 00:05:36]  [%emt 00:00:33]} 16... Ng8 {[%emt 00:01:05]} 17. Rfe1 {
[%clk 00:04:23]  [%emt 00:00:28]} 17... f5 {[%clk 00:07:12]  [%emt 00:00:05]}
18. exf5 {[%clk 00:04:04]} 18... gxf5 {[%clk 00:07:12]} 19. Bf1 {
[%clk 00:04:04]} 19... Nxh6 {[%clk 00:07:07]  [%emt 00:00:58]} 20. Qxh6 {
[%emt 00:00:30]} 20... e4 {[%emt 00:00:10]} 21. Nxe4 {
[%clk 00:02:48]  [%emt 00:00:15]} 21... fxe4 {[%clk 00:06:44]  [%emt 00:00:20]}
22. Rxe4 {[%clk 00:02:24]} 22... Rxf3 {[%clk 00:06:34]  [%emt 00:00:42]} 23.
Bd3 {[%clk 00:01:29]} 23... Rxd3 {[%clk 00:05:24]  [%emt 00:02:10]} 24. Rg4 {
[%clk 00:00:36]} 24... Nf5 {[%clk 00:04:11]  [%emt 00:02:12]} 25. Qe6 Rxd5 {
[%clk 00:03:45]} 0-1